1604 1082 1240 1001 1797 1992 1574 1058 1793 1980 1655 1162 1880 1202 1325 1435 1359 1977 1359 1026 1307 1496 1464 1256 1887 1511 1216 1507 1605 1050 1758 1860 1002 1717 1814 1517 1761 1002 1567 1480 1495 1996 1664 1807 1212 1198 1342 1087 1894 1707 1547 1829 1237 1533 1090 1258 1004 1298 1757 1937 1963 1939 1192 1650 1830 1793 1581 1686 1453 1623 1231 1129 1135 1905 1532 1862 1976 1799 1827 1253 1806 1034 1667 1205 1939 1663 1710 1406 1219 1739 1151 1246 1401 1295 1494 1886 1593 1687 1640 BCNSPRNW ULIB Ver.6.0+V

เปลี่ยนเป็นภาษาไทย

Change to English
 แสดงรายละเอียดบรรณานุกรม
  กลับหน้าหลัก

Brief Record : Get Marc (ISO 2709) : E-mail record : QR code < ปิดหน้าต่าง
LEADER : 00000nam 2200000uu 4500
001    13399113660
003     ULIB
008    020711s2550 th a 000 0 tha d
020    ^a9789748102153
090    ^aนว.^bล514ม 2550
100    ^aลิฬวรา
245    ^aมา(ร)ยา/^cลิฬวรา
250    ^aพิมพ์ครั้งที่ 1
260    ^aกรุงเทพฯ :^bพิมพ์คำ,^c2550
300    ^a430 หน้า
945    ^p250^l0^i022013
999 ^a ใช้งานได้ทุกระบบ
รายการนี้ยังไม่มีแท็ก
คุณยังไม่ได้ล็อกอิน คุณสามารถมีกิจกรรมร่วมกับเว็บไซต์ได้ แต่ต้องล็อกอินก่อน ::
  ล็อกอิน

รายการสื่อสารสนเทศ

ลำดับที่ ประเภท เลขเรียก/บาร์โค้ด สถานที่ สถานะ
1. นวนิยาย
นวนิยาย
นว. ล514ม 2550 ฉ.1 
  Barcode: 022013
ห้องสมุดวิทยาเขตสวรรค์ประชารักษ์
►นวนิยาย
บนชั้น
  ขอยืม

BibComment


ยังไม่เคยถูกคอมเมนท์

คอมเมนท์ทรัพยากรรายการนี้
  คอมเมนท์: มารยา ลิฬวรา


 Copyright 2026. Bcnsprnw @Library